Quiz do Sudão - Statistics

Estatísticas Gerais
  • Esse quiz foi jogado 472 vezes
  • A pontuação média é 15 de 20
Estatísticas das Respostas
Dica Resposta % Correto
País fazendo fronteira com o Sudão Egito
96%
País fazendo fronteira com o Sudão Sudão do Sul
95%
Religião dominante Islã
91%
Deserto que cobre grandes partes do Sudão Saara
91%
País fazendo fronteira com o Sudão Etiópia
90%
País fazendo fronteira com o Sudão Chade
88%
País fazendo fronteira com o Sudão Eritreia
88%
Línguas oficiais Árabe
86%
País fazendo fronteira com o Sudão Líbia
86%
Rio mais longo Nilo
86%
País fazendo fronteira com o Sudão República Centro- -Africana
84%
O Sudão tem o segundo maior número populacional desse animal desértico Camelo
81%
Mar fazendo fronteira com o Sudão Mar Vermelho
78%
Capital Cartum
77%
Línguas oficiais Inglês
76%
Afluentes principais do acima Nilo Azul
43%
Afluentes principais do acima Nilo Branco
42%
Região onde teve um genocídio no século XXI Darfur
34%
Nome para a região histórica na parte norte do Sudão Núbia
31%
Maior cidade naquela área Porto Sudão
30%
Nenhum quiz correspondente encontrado
Distribuição das Pontuações
Porcentagem de Pessoas com Cada Pontuação
Percentil de Números Respondidos
Sua Pontuação Histórica
Você não jogou esse quiz